[Event "Sants op A"]
[Site "Barcelona ESP"]
[Date "2012.08.22"]
[Round "6.5"]
[White "Spraggett, Kevin"]
[Black "Lillo Castay, Victor"]
[Result "1-0"]
[WhiteElo "2595"]
[BlackElo "2303"]
[PlyCount "131"]
[EventDate "2012.08.17"]
[EventType "swiss"]
[EventRounds "10"]
[EventCountry "ESP"]
[Source "Mark Crowther"]
[SourceDate "2012.08.27"]

1. c4 e5 2. Nc3 Nf6 3. Nf3 Nc6 4. a3 d5 5. cxd5 Nxd5 6. d3 Be7 7. e3 O-O 8. Be2
Be6 9. O-O a5 10. Qc2 Qd7 11. Re1 Rfd8 12. Nd2 Nb6 13. b3 f6 14. Rb1 Qe8 15.
Bf1 Rd7 16. Na4 Qf8 17. Ne4 Rd5 18. Nac3 Rd7 19. Nb5 Na7 20. Nxa7 Rxa7 21. Bb2
Ra8 22. Ra1 Qf7 23. Nd2 Rad8 24. Bc3 Nd5 25. Bb2 Nb6 26. Rec1 Bf5 27. e4 Be6
28. h3 g6 29. Re1 Bf8 30. Bc3 Bh6 31. Reb1 Ra8 32. Nf3 c5 33. Nd2 Bxd2 34. Bxd2
Rc7 35. Be3 a4 36. bxa4 Nxa4 37. f4 Qd7 38. fxe5 fxe5 39. Qf2 b6 40. Qg3 Qd6
41. Rc1 Rd7 42. Kh1 Rf8 43. Bg1 Kg7 44. Bh2 Rf4 45. Qe3 h6 46. Be2 Re7 47. Bxf4
exf4 48. Qf2 Qe5 49. Bf1 Rf7 50. Rab1 h5 51. Qc2 Bd7 52. Be2 Rf6 53. Qd2 Rd6
54. Bd1 Kh6 55. Bxa4 Bxa4 56. Rf1 g5 57. h4 b5 58. hxg5+ Kxg5 59. Rf3 Qxe4 60.
Re1 Qf5 61. Rxf4 Qxf4 62. Re5+ Kg4 63. Qe2+ Kg3 64. Re3+ Qxe3 65. Qxe3+ Kg4 66.
Qh3+ 1-0

[Event "Sants op A"]
[Site "Barcelona ESP"]
[Date "2012.08.26"]
[Round "10.1"]
[White "Spraggett, Kevin"]
[Black "Cordova, Emilio"]
[Result "1/2-1/2"]
[WhiteElo "2595"]
[BlackElo "2572"]
[PlyCount "70"]
[EventDate "2012.08.17"]
[EventType "swiss"]
[EventRounds "10"]
[EventCountry "ESP"]
[Source "Mark Crowther"]
[SourceDate "2012.08.27"]

1. c4 c5 2. g3 g6 3. Bg2 Bg7 4. Nc3 Nc6 5. e3 e5 6. d3 Nge7 7. Qd2 Rb8 8. b3 d6
9. Bb2 Be6 10. Nd5 Qd7 11. h4 h5 12. Ne2 O-O 13. Nec3 f5 14. O-O Kh7 15. Rae1
Ng8 16. Ne2 Nh6 17. Kh1 Ng4 18. Ng1 Kh8 19. Nh3 b5 20. Ba1 Bg8 21. Ng5 a6 22.
f4 bxc4 23. bxc4 Nb4 24. Bc3 a5 25. Re2 Rbe8 26. Kg1 Nxd5 27. cxd5 Qb5 28. Rc1
Qb7 29. Ne6 Bxe6 30. dxe6 Qe7 31. Bd5 Rb8 32. a4 Kh7 33. Ree1 Nf6 34. Ba2 Ng4
35. Bd5 Nf6 1/2-1/2

[Event "Catalunya-Tch"]
[Site "Catalunya ESP"]
[Date "2012.02.04"]
[Round "2.1"]
[White "Cornette, Matthieu"]
[Black "Spraggett, Kevin"]
[Result "1/2-1/2"]
[WhiteElo "2545"]
[BlackElo "2584"]
[PlyCount "76"]
[EventDate "2012.01.28"]
[EventType "team"]
[EventRounds "11"]
[EventCountry "ESP"]
[Source "Mark Crowther"]
[SourceDate "2012.03.05"]
[WhiteTeam "Montcada"]
[BlackTeam "Escola Escacs De BCN"]

1. d4 f5 2. Nf3 Nf6 3. g3 e6 4. Bg2 d5 5. O-O Bd6 6. c4 c6 7. Qc2 O-O 8. Nc3
Bd7 9. Rb1 Be8 10. c5 Bc7 11. Bf4 Bxf4 12. gxf4 Bh5 13. e3 Nbd7 14. b4 a6 15.
Ne5 Ne4 16. Na4 Nef6 17. Nc3 Ng4 18. Ne2 Ngxe5 19. fxe5 Kh8 20. f4 Rg8 21. Kh1
Nf8 22. Bf3 Be8 23. Nc3 h6 24. a4 g5 25. Rg1 Rc8 26. b5 axb5 27. axb5 Rc7 28.
bxc6 bxc6 29. Qb2 Ng6 30. Qb8 Qe7 31. fxg5 hxg5 32. Rg3 Nh4 33. Qb2 Bg6 34.
Rbg1 Bh7 35. Qd2 Qd8 36. Bd1 Rcg7 37. Bc2 Rg6 38. Qf2 Rh6 1/2-1/2

[Event "Catalunya-Tch"]
[Site "Catalunya ESP"]
[Date "2012.03.03"]
[Round "6.1"]
[White "Alonso Garcia, Rene"]
[Black "Spraggett, Kevin"]
[Result "0-1"]
[WhiteElo "2360"]
[BlackElo "2584"]
[PlyCount "37"]
[EventDate "2012.01.28"]
[EventType "team"]
[EventRounds "11"]
[EventCountry "ESP"]
[Source "Mark Crowther"]
[SourceDate "2012.03.19"]
[WhiteTeam "Figueres"]
[BlackTeam "Escola Escacs De BCN"]

1. d4 f5 2. Nf3 Nf6 3. e3 g6 4. Nbd2 Bg7 5. Bd3 Nc6 6. c3 d6 7. e4 e5 8. dxe5
Nxe5 9. Nxe5 dxe5 10. Qc2 f4 11. Bc4 Qe7 12. Qb3 Nd7 13. a4 a5 14. Qa2 Nb6 15.
Bb3 Qg5 16. Bf7+ Kf8 17. Rg1 Qf6 18. Bb3 Bd7 19. Nc4 0-1

[Event "Catalunya-Tch"]
[Site "Catalunya ESP"]
[Date "2012.03.17"]
[Round "8.2"]
[White "Spraggett, Kevin"]
[Black "Narciso Dublan, Marc"]
[Result "1/2-1/2"]
[WhiteElo "2584"]
[BlackElo "2534"]
[PlyCount "160"]
[EventDate "2012.01.28"]
[EventType "team"]
[EventRounds "11"]
[EventCountry "ESP"]
[Source "Mark Crowther"]
[SourceDate "2012.04.23"]
[WhiteTeam "Escola Escacs De BCN"]
[BlackTeam "Barbera"]

1. e4 d6 2. d4 Nf6 3. Nc3 g6 4. f4 Bg7 5. Nf3 O-O 6. Bd3 Nc6 7. e5 dxe5 8. fxe5
Nd7 9. Be4 Nb6 10. O-O f6 11. exf6 exf6 12. Bxc6 bxc6 13. h3 Re8 14. b3 a5 15.
Bf4 Nd5 16. Nxd5 cxd5 17. Qd2 Bf5 18. Rae1 c6 19. Rxe8+ Qxe8 20. Re1 Qd7 21.
Nh2 a4 22. Nf1 axb3 23. axb3 Ra2 24. Ne3 Be4 25. Re2 h5 26. h4 Bf8 27. Rf2 Qb7
28. Bg3 Bb4 29. Qe2 Bc3 30. Rxf6 Bxd4 31. Rf2 Qe7 32. Kh2 Bf6 33. Kg1 Bxh4 34.
Bxh4 Qxh4 35. Qd1 Qe7 36. Qd4 Qg7 37. Qc5 Ra1+ 38. Nf1 Kh7 39. Qxc6 Qa7 40. Qe6
Bxc2 41. Qxd5 Bf5 42. b4 Rb1 43. Qc5 Qxc5 44. bxc5 Bd3 45. c6 Rc1 46. c7 Rxc7
47. Rd2 Be4 48. Ng3 Bb7 49. Ne2 Kh6 50. Nf4 Rc4 51. Ne6 Bc8 52. Nd4 Bg4 53. Kf2
Rc5 54. Kg3 Rd5 55. Kf4 g5+ 56. Kg3 Kg6 57. Nb3 Re5 58. Rd6+ Kf7 59. Nd4 Re3+
60. Kf2 Rd3 61. Nb5 Rb3 62. Nd4 Rb2+ 63. Kf1 Rd2 64. Nf5 Rb2 65. Nh6+ Ke7 66.
Rg6 Be2+ 67. Ke1 g4 68. Nf5+ Kf7 69. Rh6 Bd3 70. Nh4 Re2+ 71. Kd1 Re5 72. Kd2
Bc4 73. Kc3 Be6 74. Kd4 Ra5 75. Ke4 Bc8 76. Kf4 Ra4+ 77. Kg3 Ra5 78. Rh7+ Kf6
79. Rh6+ Kf7 80. Rh7+ Kf6 1/2-1/2

[Event "Catalunya-Tch"]
[Site "Catalunya ESP"]
[Date "2012.04.14"]
[Round "10.2"]
[White "Spraggett, Kevin"]
[Black "Fluvia Poyatos, Joan"]
[Result "1-0"]
[WhiteElo "2584"]
[BlackElo "2490"]
[PlyCount "111"]
[EventDate "2012.01.28"]
[EventType "team"]
[EventRounds "11"]
[EventCountry "ESP"]
[Source "Mark Crowther"]
[SourceDate "2012.05.21"]
[WhiteTeam "Escola Escacs De BCN"]
[BlackTeam "Barcelona UGA"]

1. c4 e5 2. Nc3 Nc6 3. g3 Bc5 4. Bg2 Nf6 5. e3 d5 6. cxd5 Nb4 7. d3 Nfxd5 8.
Nxd5 Nxd5 9. Nf3 Qe7 10. O-O O-O 11. a3 Nf6 12. b4 Bd6 13. Nd2 c6 14. Nc4 Bc7
15. Qc2 Ne8 16. Bb2 f6 17. d4 exd4 18. Bxd4 Nd6 19. Bc5 Qe6 20. Nxd6 Bxd6 21.
Rac1 Qe7 22. Bxd6 Qxd6 23. Rfd1 Qe7 24. Be4 f5 25. Bf3 Be6 26. Qc3 Rad8 27. Qe5
Rxd1+ 28. Rxd1 Kf7 29. Qd4 a6 30. h4 Rc8 31. h5 h6 32. e4 c5 33. bxc5 Rxc5 34.
exf5 Rxf5 35. Bg4 Rf6 36. Re1 Qe8 37. Re3 Qc8 38. Rc3 Bxg4 39. Rxc8 Bxc8 40.
Qc4+ Be6 41. Qc7+ Kg8 42. Qxb7 Bg4 43. Qd5+ Kh8 44. f4 Re6 45. Qd8+ Kh7 46. Qh4
Bd1 47. g4 Bc2 48. g5 hxg5 49. fxg5 Be4 50. Qf4 Bd3 51. Qd2 Bb1 52. Qd5 Rb6 53.
a4 Bc2 54. a5 Rb5 55. Qd2 Rb1+ 56. Kf2 1-0

[Event "Catalunya-Tch"]
[Site "Catalunya ESP"]
[Date "2012.04.21"]
[Round "11.2"]
[White "Valdes, Leonardo"]
[Black "Spraggett, Kevin"]
[Result "0-1"]
[WhiteElo "2393"]
[BlackElo "2584"]
[PlyCount "62"]
[EventDate "2012.01.28"]
[EventType "team"]
[EventRounds "11"]
[EventCountry "ESP"]
[Source "Mark Crowther"]
[SourceDate "2012.06.25"]
[WhiteTeam "Foment"]
[BlackTeam "Escola Escacs De BCN"]

1. Nf3 Nf6 2. g3 d6 3. Bg2 e5 4. d3 Be7 5. c4 O-O 6. O-O Nbd7 7. Nc3 c6 8. Rb1
a5 9. a3 Re8 10. Nd2 Nb6 11. b4 axb4 12. axb4 d5 13. c5 d4 14. cxb6 dxc3 15.
Nc4 e4 16. Qc2 exd3 17. exd3 Nd5 18. b5 cxb5 19. Rxb5 Be6 20. Ne3 Nxe3 21. Bxe3
Qd7 22. Rfb1 Bf6 23. d4 Bxd4 24. Rh5 g6 25. Bxd4 Qxd4 26. Rh4 Qc5 27. Ra4 Bf5
28. Rxa8 Rxa8 29. Be4 Rd8 30. Rf1 Bxe4 31. Qxe4 c2 0-1

[Event "FRA-Tch1A 2011-12"]
[Site "FRA"]
[Date "2011.11.12"]
[Round "2.1"]
[White "Spraggett, Kevin"]
[Black "Pap, Misa"]
[Result "1/2-1/2"]
[WhiteElo "2588"]
[BlackElo "2511"]
[PlyCount "97"]
[EventDate "2011.10.16"]
[EventType "team"]
[EventRounds "11"]
[EventCountry "FRA"]
[Source "ChessBase"]
[SourceDate "2012.11.22"]
[WhiteTeam "Bordeaux"]
[BlackTeam "La Membrolle Choisille"]
[WhiteTeamCountry "FRA"]
[BlackTeamCountry "FRA"]

1. e4 e5 2. Nf3 Nc6 3. Bb5 Nf6 4. d3 Bc5 5. O-O Nd4 6. Nxd4 Bxd4 7. c3 Bb6 8.
Ba4 O-O 9. Bg5 h6 10. Bh4 d6 11. Kh1 g5 12. Bg3 h5 13. f3 h4 14. Bf2 Bxf2 15.
Rxf2 Nh5 16. Nd2 Qf6 17. Kg1 Be6 18. Nf1 d5 19. exd5 Bxd5 20. Ne3 Rad8 21. Nxd5
Rxd5 22. Qb3 Rxd3 23. Qxb7 Qb6 24. Qxb6 axb6 25. Bb5 Rd6 26. a4 Rfd8 27. b4 Nf4
28. a5 Nd5 29. Rc2 bxa5 30. bxa5 c6 31. Be2 Nc7 32. a6 Nb5 33. Kf2 Ra8 34. Bc4
Kg7 35. Ra5 f5 36. Ke3 Rd7 37. Rd2 Rc7 38. Rd3 Kf8 39. g3 hxg3 40. hxg3 Ke7 41.
Rd2 Rca7 42. Bxb5 cxb5 43. Rxb5 Rxa6 44. Rb7+ Ke6 45. Rdd7 Rc8 46. Re7+ Kd5 47.
Kd3 Rac6 48. Red7+ Rd6 49. g4 1/2-1/2

[Event "FRA-Tch1A 2011-12"]
[Site "FRA"]
[Date "2011.11.13"]
[Round "3.1"]
[White "Salaun, Yann"]
[Black "Spraggett, Kevin"]
[Result "1/2-1/2"]
[WhiteElo "2323"]
[BlackElo "2588"]
[PlyCount "109"]
[EventDate "2011.10.16"]
[EventType "team"]
[EventRounds "11"]
[EventCountry "FRA"]
[Source "ChessBase"]
[SourceDate "2012.11.22"]
[WhiteTeam "Tours"]
[BlackTeam "Bordeaux"]
[WhiteTeamCountry "FRA"]
[BlackTeamCountry "FRA"]

1. e4 c5 2. g3 Nc6 3. Bg2 e6 4. Ne2 Nf6 5. Nbc3 d6 6. d4 cxd4 7. Nxd4 Bd7 8.
Ndb5 Qb8 9. a4 a6 10. Na3 Qc7 11. O-O h5 12. Bg5 Ne5 13. Kh1 Rc8 14. Qd2 Nh7
15. Be3 h4 16. gxh4 Ng6 17. a5 Nxh4 18. Bb6 Qb8 19. f4 Nxg2 20. Qxg2 Nf6 21.
Rae1 Rh7 22. Nab1 Be7 23. Re3 Rc4 24. Nd2 Rb4 25. Rh3 Rxh3 26. Qxh3 Bc6 27. Re1
Qc8 28. b3 d5 29. exd5 Bxd5+ 30. Nxd5 Nxd5 31. Nc4 Rxc4 32. bxc4 Qxc4 33. f5
Bh4 34. Rf1 e5 35. Qd3 Nxb6 36. axb6 Qxd3 37. cxd3 Bd8 38. Kg2 Kd7 39. Kf3 Bxb6
40. Ke4 Bd4 41. h4 a5 42. h5 f6 43. Kd5 a4 44. Kc4 a3 45. Kb3 Bc5 46. Rc1 b6
47. Rc4 Ke8 48. Ra4 Kf7 49. Ra8 Bf8 50. Kc4 Bc5 51. Kd5 Be7 52. Kc6 Bc5 53. Kb5
Ke7 54. Kc4 Kf7 55. Kd5 1/2-1/2

[Event "Cappelle op"]
[Site "Cappelle la Grande FRA"]
[Date "2011.03.03"]
[Round "7.8"]
[White "Spraggett, Kevin"]
[Black "Teske, Henrik"]
[Result "1-0"]
[WhiteElo "2575"]
[BlackElo "2520"]
[PlyCount "185"]
[EventDate "2011.02.26"]
[EventType "swiss"]
[EventRounds "9"]
[EventCountry "FRA"]

1. e4 e5 2. Bc4 Nf6 3. d3 Nc6 4. Nf3 Bc5 5. c3 O-O 6. O-O d5 7. exd5 Nxd5 8.
Nbd2 Bg4 9. Ne4 Bb6 10. h3 Bh5 11. a4 a6 12. Ng3 Bg6 13. Re1 Re8 14. Bg5 Qd7
15. Nh4 h6 16. Bd2 Bh7 17. Qf3 Rad8 18. Rad1 Re6 19. Ne4 Nce7 20. a5 Ba7 21. g4
Rf8 22. Be3 Nxe3 23. fxe3 Rc6 24. Bb3 b5 25. Rf1 Kh8 26. Nf5 Ng8 27. d4 exd4
28. exd4 Qd8 29. Kh1 Rg6 30. Rde1 Nf6 31. Neg3 Rg5 32. Re2 h5 33. Qf4 Nd5 34.
Bxd5 Qxd5+ 35. Kh2 f6 36. Ne7 Qd8 37. Nc6 Qd5 38. Ne7 Qd8 39. Nc6 Qd5 40. Nxa7
Bd3 41. Qf3 Bxe2 42. Nxe2 Qd6+ 43. Qf4 Qe6 44. Ng3 hxg4 45. h4 Rg6 46. Qf5 Qe8
47. d5 Rh6 48. h5 g6 49. Qf4 Rh7 50. Nc6 gxh5 51. Nd4 h4 52. Ne4 Qg6 53. Ne6
Rff7 54. Qf5 g3+ 55. Kg1 Rh6 56. Rf3 Qg8 57. Qf4 Qg6 58. Qf5 Qg8 59. b3 Rg6 60.
Nf4 Rh6 61. Qe6 Kh7 62. Qf5+ Kh8 63. Qe6 Kh7 64. Nh3 Kg7 65. Qg4+ Kh8 66. Qe6
Kg7 67. Kg2 Qf8 68. b4 Qe7 69. Qg4+ Kh8 70. Rf5 Rg7 71. Qf4 Rgg6 72. Qf3 Qg7
73. Nc5 Qe7 74. Ne6 Rg8 75. Qf4 Qh7 76. Nxc7 Rh5 77. Rxh5 Qxh5 78. Qxf6+ Kh7
79. Qe7+ Kh8 80. Qe4 Rd8 81. Nf4 h3+ 82. Nxh3 Rd7 83. Qd4+ Kg8 84. Ne6 Rf7 85.
Qd3 Rf2+ 86. Nxf2 Qh2+ 87. Kf3 Qxf2+ 88. Kg4 Kf7 89. Qxg3 Qc2 90. Qc7+ Ke8 91.
Qd8+ Kf7 92. Qf8+ Kg6 93. Qg7# 1-0

[Event "Cappelle op"]
[Site "Cappelle la Grande FRA"]
[Date "2011.03.05"]
[Round "9.5"]
[White "Spraggett, Kevin"]
[Black "Vovk, Yuri"]
[Result "0-1"]
[WhiteElo "2575"]
[BlackElo "2539"]
[PlyCount "54"]
[EventDate "2011.02.26"]
[EventType "swiss"]
[EventRounds "9"]
[EventCountry "FRA"]

1. c4 Nf6 2. Nc3 g6 3. e4 d6 4. d4 Bg7 5. f3 O-O 6. Nge2 c5 7. d5 e6 8. Ng3
exd5 9. cxd5 h5 10. Be2 h4 11. Nf1 Nh7 12. Be3 f5 13. Nd2 f4 14. Bf2 Nd7 15.
Qc2 Ne5 16. O-O-O a6 17. g3 b5 18. gxf4 Rxf4 19. Be3 Qf6 20. Rdg1 Ng5 21. Bxf4
Qxf4 22. Kb1 Nh3 23. Rf1 c4 24. Nd1 Bh6 25. Kc1 Bd7 26. Nf2 Qe3 27. Nxh3 Qxe2
0-1

[Event "Figueira da Foz op"]
[Site "Figueira da Foz POR"]
[Date "2010.10.31"]
[Round "1.2"]
[White "Santos, Olavo Miguel Floren"]
[Black "Spraggett, Kevin"]
[Result "0-1"]
[WhiteElo "1960"]
[BlackElo "2571"]
[PlyCount "50"]
[EventDate "2010.10.31"]
[EventType "swiss"]
[EventRounds "9"]
[EventCountry "POR"]
[Source "ChessBase"]
[SourceDate "2011.11.26"]

1. c4 g6 2. Nc3 Bg7 3. d4 d6 4. Nf3 Nf6 5. g3 O-O 6. Bg2 c5 7. O-O Nbd7 8. e4
cxd4 9. Nxd4 a6 10. b3 Nc5 11. Bb2 Rb8 12. b4 Ncd7 13. Rc1 h5 14. h3 a5 15. a3
axb4 16. axb4 Ra8 17. Qb3 h4 18. g4 Nxg4 19. hxg4 Bxd4 20. Nd5 Bxb2 21. Qxb2
Ne5 22. Qd2 h3 23. Qg5 Kg7 24. Nxe7 f6 25. Nf5+ Bxf5 0-1

[Event "Figueira da Foz op"]
[Site "Figueira da Foz POR"]
[Date "2010.11.01"]
[Round "3.2"]
[White "Kasparov, Sergey"]
[Black "Spraggett, Kevin"]
[Result "1/2-1/2"]
[WhiteElo "2485"]
[BlackElo "2571"]
[PlyCount "28"]
[EventDate "2010.10.31"]
[EventType "swiss"]
[EventRounds "9"]
[EventCountry "POR"]
[Source "ChessBase"]
[SourceDate "2011.11.26"]

1. e4 c5 2. Nf3 e6 3. c4 Nc6 4. Nc3 e5 5. d3 g6 6. h4 h5 7. a3 d6 8. Be2 Bg7 9.
Nd5 f6 10. b4 Nh6 11. bxc5 dxc5 12. Be3 b6 13. Rb1 Ng4 14. Bd2 Rb8 1/2-1/2

[Event "Figueira da Foz op"]
[Site "Figueira da Foz POR"]
[Date "2010.11.02"]
[Round "4.3"]
[White "Spraggett, Kevin"]
[Black "Dias, Paulo"]
[Result "1/2-1/2"]
[WhiteElo "2571"]
[BlackElo "2394"]
[PlyCount "150"]
[EventDate "2010.10.31"]
[EventType "swiss"]
[EventRounds "9"]
[EventCountry "POR"]
[Source "ChessBase"]
[SourceDate "2011.11.26"]

1. d4 Nf6 2. c4 e6 3. Nf3 d5 4. Nc3 Bb4 5. e3 O-O 6. Bd3 c5 7. O-O dxc4 8. Bxc4
Nc6 9. a3 Bxc3 10. bxc3 Qc7 11. Bb2 e5 12. h3 Bf5 13. Bb5 e4 14. Nd2 a6 15.
Bxc6 Qxc6 16. c4 cxd4 17. Bxd4 b5 18. Rc1 Rac8 19. cxb5 Qxb5 20. Rxc8 Rxc8 21.
Bxf6 gxf6 22. Nxe4 Rc6 23. Nd6 Qd3 24. Nxf5 Qxf5 25. Qe2 a5 26. Rd1 Rc2 27. Rd2
Rc1+ 28. Kh2 Ra1 29. Rd3 Kg7 30. e4 Qf4+ 31. Rg3+ Kf8 32. Qf3 Qc1 33. Rg4 h5
34. Rh4 Qc7+ 35. Qf4 Qxf4+ 36. Rxf4 Rxa3 37. Rxf6 Kg7 38. Rf5 Kg6 39. h4 f6 40.
f3 a4 41. Ra5 Ra2 42. Ra7 a3 43. Kh3 Ra1 44. Kg3 Ra2 45. Ra6 Kg7 46. Ra5 Kg6
47. f4 Ra1 48. Ra7 Re1 49. f5+ Kh6 50. Kf3 Rf1+ 51. Ke3 Re1+ 52. Kd4 Rd1+ 53.
Kc4 Rd2 54. Rf7 Rd6 55. Ra7 Rd2 56. Rxa3 Rxg2 57. Kd5 Rg4 58. Ke6 Rxe4+ 59.
Kxf6 Rxh4 60. Ra8 Kh7 61. Kf7 Rb4 62. Ra7 h4 63. f6 Kh6 64. Ke7 Re4+ 65. Kf8
Rf4 66. f7 Kg5 67. Kg7 Rxf7+ 68. Kxf7 h3 69. Ke6 Kf4 70. Ra3 Kg4 71. Ke5 h2 72.
Ra1 Kf3 73. Kd4 Kg2 74. Ke3 h1=Q 75. Rxh1 Kxh1 1/2-1/2

[Event "Figueira da Foz op"]
[Site "Figueira da Foz POR"]
[Date "2010.11.04"]
[Round "6.1"]
[White "Spraggett, Kevin"]
[Black "Todorov, Todor"]
[Result "1/2-1/2"]
[WhiteElo "2571"]
[BlackElo "2487"]
[PlyCount "30"]
[EventDate "2010.10.31"]
[EventType "swiss"]
[EventRounds "9"]
[EventCountry "POR"]
[Source "ChessBase"]
[SourceDate "2011.11.26"]

1. d4 g6 2. c4 Bg7 3. Nf3 d6 4. Nc3 Nf6 5. g3 O-O 6. Bg2 Nbd7 7. O-O e5 8. e4
exd4 9. Nxd4 Re8 10. Re1 Nc5 11. h3 c6 12. Bf4 Nh5 13. Be3 a5 14. Qc2 a4 15.
Rab1 Qa5 1/2-1/2

[Event "Figueira da Foz op"]
[Site "Figueira da Foz POR"]
[Date "2010.11.05"]
[Round "7.3"]
[White "Rotstein, Arkadij"]
[Black "Spraggett, Kevin"]
[Result "1-0"]
[WhiteElo "2542"]
[BlackElo "2571"]
[PlyCount "81"]
[EventDate "2010.10.31"]
[EventType "swiss"]
[EventRounds "9"]
[EventCountry "POR"]
[Source "ChessBase"]
[SourceDate "2011.11.26"]

1. d4 Nf6 2. Nf3 e6 3. g3 d5 4. Bg2 Be7 5. O-O O-O 6. c4 Nbd7 7. Qc2 c6 8. Nbd2
b6 9. e4 Bb7 10. e5 Ne8 11. cxd5 cxd5 12. Re1 a5 13. Bf1 Ba6 14. Bxa6 Rxa6 15.
Nf1 b5 16. h4 Nb8 17. Bg5 f6 18. exf6 Nxf6 19. Ne5 Qb6 20. Rad1 Ra7 21. Nd2 Rc7
22. Qd3 Nc6 23. Nef3 Nb4 24. Qe2 Nxa2 25. Qxe6+ Qxe6 26. Rxe6 Bb4 27. Ne1 Nc1
28. Ndf3 Nb3 29. Rb6 Ne4 30. Bf4 Rc4 31. Rxb5 Bxe1 32. Rxe1 Nxd4 33. Nxd4 Rxd4
34. Rxa5 Rd3 35. Re2 h6 36. Rc2 g5 37. hxg5 hxg5 38. Be3 Nxg3 39. Bc5 Rc8 40.
fxg3 Rxg3+ 41. Rg2 1-0

[Event "Figueira da Foz op"]
[Site "Figueira da Foz POR"]
[Date "2010.11.06"]
[Round "8.6"]
[White "Spraggett, Kevin"]
[Black "Diogo, Vasco"]
[Result "1-0"]
[WhiteElo "2571"]
[BlackElo "2271"]
[PlyCount "75"]
[EventDate "2010.10.31"]
[EventType "swiss"]
[EventRounds "9"]
[EventCountry "POR"]
[Source "ChessBase"]
[SourceDate "2011.11.26"]

1. c4 Nf6 2. d4 g6 3. Nc3 Bg7 4. e4 d6 5. h3 O-O 6. Bg5 h6 7. Be3 e5 8. d5 Nbd7
9. Nf3 Nc5 10. Nd2 Nh5 11. g3 Bd7 12. Be2 Nf6 13. b4 Ncxe4 14. Ndxe4 Nxe4 15.
Nxe4 f5 16. Nc3 f4 17. gxf4 exf4 18. Bd4 f3 19. Bxg7 Kxg7 20. Qd4+ Kh7 21. Bd3
Qg5 22. h4 Rae8+ 23. Kd1 Qg2 24. Kc2 Re2+ 25. Nxe2 fxe2 26. Rhg1 Ba4+ 27. Kc3
Bd1 28. Raxd1 exd1=Q 29. Rxd1 Rxf2 30. Re1 Kg8 31. Re8+ Kf7 32. Qe3 Kg7 33.
Qe7+ Rf7 34. Qd8 Qf3 35. Rg8+ Kh7 36. Rh8+ Kg7 37. Qg8+ Kf6 38. Qxg6+ 1-0

[Event "Figueira da Foz op"]
[Site "Figueira da Foz POR"]
[Date "2010.11.07"]
[Round "9.4"]
[White "Spraggett, Kevin"]
[Black "Galego, Luis"]
[Result "1-0"]
[WhiteElo "2571"]
[BlackElo "2500"]
[PlyCount "80"]
[EventDate "2010.10.31"]
[EventType "swiss"]
[EventRounds "9"]
[EventCountry "POR"]
[Source "ChessBase"]
[SourceDate "2011.11.26"]

1. d4 Nf6 2. c4 e6 3. Nc3 Bb4 4. e3 d5 5. Bd3 c5 6. Nf3 O-O 7. O-O dxc4 8. Bxc4
b6 9. a3 Bxc3 10. bxc3 Ba6 11. Bxa6 Nxa6 12. e4 cxd4 13. cxd4 Qc8 14. Re1 Qb7
15. Qe2 Rfc8 16. Bb2 Nd7 17. Rad1 b5 18. d5 Nac5 19. Nd4 a6 20. Nc6 Rxc6 21.
dxc6 Qxc6 22. Rc1 Qb7 23. Bd4 Na4 24. Red1 e5 25. Be3 Nf8 26. Qc2 Ne6 27. Rd5
f6 28. h4 h5 29. g3 Kh7 30. Qc6 Qxc6 31. Rxc6 Nd8 32. Rc2 Nb7 33. Rc7 Na5 34.
Rdd7 Rg8 35. Rd6 Nc4 36. Rxf6 Nxe3 37. fxe3 Nc5 38. Rf5 Nxe4 39. Rxh5+ Kg6 40.
Rxe5 Nf6 1-0

[Event "POR-Tch 1st Div Final"]
[Site "Vila Nova de Gaia POR"]
[Date "2010.07.26"]
[Round "3.2"]
[White "Appel, Ralf"]
[Black "Spraggett, Kevin"]
[Result "1/2-1/2"]
[WhiteElo "2544"]
[BlackElo "2575"]
[PlyCount "80"]
[EventDate "2010.07.24"]
[EventType "team"]
[EventRounds "9"]
[EventCountry "POR"]
[Source "ChessBase"]
[SourceDate "2011.11.26"]
[WhiteTeam "Albufeira"]
[BlackTeam "Diana"]
[WhiteTeamCountry "POR"]
[BlackTeamCountry "POR"]

1. Nf3 Nf6 2. d4 g6 3. c4 Bg7 4. Nc3 O-O 5. g3 d6 6. Bg2 c6 7. O-O a6 8. e4 Bg4
9. Qb3 Qc7 10. e5 Nfd7 11. exd6 exd6 12. Be3 Nf6 13. h3 Bf5 14. g4 Bc8 15. Bf4
Qd8 16. Rfe1 h5 17. g5 Ne8 18. Ne4 b5 19. Qa3 bxc4 20. Nxd6 Be6 21. Rac1 Nxd6
22. Bxd6 Re8 23. b3 cxb3 24. axb3 Ra7 25. Re3 Rb7 26. Rce1 Rb5 27. Bc5 Nd7 28.
Bf1 Ra5 29. Qb4 Nxc5 30. dxc5 Bf8 31. Rxe6 Rxe6 32. Rxe6 Rxc5 33. Qe4 Rxg5+ 34.
Kh1 fxe6 35. Qxe6+ Kh7 36. Nxg5+ Qxg5 37. Bc4 Bg7 38. Qxc6 Qf5 39. Kg2 a5 40.
Qd5 Qxd5+ 1/2-1/2

[Event "POR-Tch 1st Div Final"]
[Site "Vila Nova de Gaia POR"]
[Date "2010.07.27"]
[Round "4.4"]
[White "Silva, Fernando"]
[Black "Spraggett, Kevin"]
[Result "1/2-1/2"]
[WhiteElo "2367"]
[BlackElo "2575"]
[PlyCount "58"]
[EventDate "2010.07.24"]
[EventType "team"]
[EventRounds "9"]
[EventCountry "POR"]
[Source "ChessBase"]
[SourceDate "2011.11.26"]
[WhiteTeam "Alekhine"]
[BlackTeam "Diana"]
[WhiteTeamCountry "POR"]
[BlackTeamCountry "POR"]

1. d4 Nf6 2. Nf3 g6 3. c4 Bg7 4. Nc3 O-O 5. Bf4 d6 6. e3 c6 7. Be2 a6 8. O-O
Nh5 9. Bg5 h6 10. Bh4 f5 11. Nd2 Nf6 12. d5 c5 13. a4 e5 14. dxe6 Bxe6 15. Bf3
Nc6 16. Nd5 g5 17. Bg3 Bxd5 18. cxd5 Nb4 19. Nc4 Ne8 20. Bh5 f4 21. Bxe8 fxg3
22. Bh5 gxf2+ 23. Rxf2 Rxf2 24. Kxf2 Qe7 25. Bg4 Rf8+ 26. Kg1 b5 27. axb5 axb5
28. Nd2 Bxb2 29. Rb1 Bg7 1/2-1/2

[Event "POR-Tch 1st Div Final"]
[Site "Vila Nova de Gaia POR"]
[Date "2010.07.30"]
[Round "7.3"]
[White "Johannessen, Leif Erlend"]
[Black "Spraggett, Kevin"]
[Result "0-1"]
[WhiteElo "2522"]
[BlackElo "2575"]
[PlyCount "126"]
[EventDate "2010.07.24"]
[EventType "team"]
[EventRounds "9"]
[EventCountry "POR"]
[Source "ChessBase"]
[SourceDate "2011.11.26"]
[WhiteTeam "Mata de Benfica"]
[BlackTeam "Diana"]
[WhiteTeamCountry "POR"]
[BlackTeamCountry "POR"]

1. d4 e6 2. c4 f5 3. Nc3 Nf6 4. Nf3 Be7 5. g3 O-O 6. Bg2 d5 7. O-O c6 8. Rb1 a5
9. a3 Ne4 10. Qc2 Bd7 11. Ne5 Be8 12. f3 Nd6 13. Be3 Nd7 14. c5 Nf7 15. Nxd7
Bxd7 16. Bf2 Nh6 17. Na4 Be8 18. Nb6 Ra6 19. e3 g5 20. e4 Bg6 21. Qe2 Bf6 22.
exd5 exd5 23. Rbe1 Kg7 24. Qd2 Nf7 25. Re6 Rxb6 26. cxb6 Qxb6 27. Rfe1 Nd8 28.
R6e2 Qc7 29. Rc1 f4 30. g4 Nf7 31. a4 Nd6 32. b3 Nf7 33. Ree1 Qb6 34. Qc3 Qb4
35. Qxb4 axb4 36. Bf1 Ra8 37. Re6 h6 38. Re2 Nd8 39. Kg2 Bf7 40. Rce1 Bg6 41.
Ra2 Bf7 42. a5 Ne6 43. Rd1 Kf8 44. Ra4 Ra7 45. Rxb4 Bd8 46. Be1 Bxa5 47. Ra1 b5
48. Rxb5 cxb5 49. Bxa5 Kg8 50. b4 Nxd4 51. Bd3 Nb3 52. Ra3 d4 53. Bxb5 Bd5 54.
Bc6 Bxc6 55. Rxb3 Bb5 56. Rb2 d3 57. h4 Kf7 58. Bb6 Ra1 59. hxg5 hxg5 60. Bd4
Rc1 61. Ra2 Ke6 62. Bf2 Rc2 63. Ra1 d2 0-1